[Event "It (open)"]
[Site "masterchessopen.com Balatonbereny (Hungary)"]
[Round "1"]
[White "Boehm Uwe (GER)"]
[Black "Cvetkovic Srdjan (SRB)"]
[Result "0-1"]
[WhiteElo "2180"]
[BlackElo "2406"]

1.d4 Nf6 2.c4 e6 3.Nc3 Bb4 4.e3 c5 5.Ne2 b6 6.a3 Ba5 7.Rb1 Na6 8.Qa4 Qe7
9.dxc5 Bxc3+ 10.Nxc3 Nxc5 11.Qc2 Bb7 12.b4 Nce4 13.f3 Nxc3 14.Qxc3 Rc8 15.Qd2
O-O 16.Be2 d5 17.cxd5 Nxd5 18.O-O Rfd8 19.Qe1 Nc3 20.Ra1 Qf6 21.Bb2 Qg5 22.Qf2
Nxe2+ 23.Qxe2 Ba6 {#R} 0-1

[Event "Ch Argentina"]
[Site "masterchessopen.com Buenos Aires (Argentina)"]
[Round "9"]
[White "Adla Diego (ARG)"]
[Black "Acosta Tomas (ARG)"]
[Result "1-0"]
[WhiteElo "2499"]
[BlackElo "2275"]

1.d4 Nf6 2.c4 e6 3.Nc3 Bb4 4.e3 c5 5.Ne2 cxd4 6.exd4 d5 7.c5 a5 8.a3 Bxc3+
9.Nxc3 Bd7 10.Bd3 O-O 11.Bg5 Nc6 12.Bc2 h6 13.Bh4 e5 14.dxe5 Nxe5 15.O-O Be6
16.Re1 Ned7 17.Qd4 Qc7 18.b4 Rfc8 19.Ba4 axb4 20.axb4 g5 21.Bg3 Qd8 22.Rad1
Nf8 23.Be5 N8h7 24.Bc2 Ra3 25.Nb5 Raa8 26.Nd6 Rc7 27.Nf5 Rd7 28.Nxh6+ Kg7
29.Bxh7 Kxh7 30.Bxf6 Qc8 31.Ng4 {#r} 1-0

[Event "Ch Ukraine (1/2 final)"]
[Site "masterchessopen.com Lutsk (Ukraine)"]
[Round "8"]
[White "Berkovich Dmitry (UKR)"]
[Black "Kushch Nikolai (UKR)"]
[Result "1-0"]
[WhiteElo "2365"]
[BlackElo "2376"]

1.d4 Nf6 2.c4 e6 3.Nc3 Bb4 4.e3 c5 5.Ne2 cxd4 6.exd4 O-O 7.a3 Be7 8.Nf4 d5
9.Be3 dxc4 10.Bxc4 b6 11.Qf3 Qd7 12.Qxa8 Nc6 13.Bb5 Bb7 14.Qxa7 Nxa7 15.Bxd7
Nxd7 16.O-O Nf6 17.d5 e5 18.Nd3 Nd7 19.f4 e4 20.Ne5 Nf6 21.Rfd1 Nc8 22.Nc4 b5
23.d6 bxc4 24.dxe7 Nxe7 25.Bc5 Re8 26.Bxe7 Rxe7 27.Rd8+ Ne8 28.Rad1 {#r} 1-0

[Event "It (open)"]
[Site "masterchessopen.com New York (USA)"]
[Round "0"]
[White "Gurevich Dmitry (USA)"]
[Black "Dehmelt Karl (USA)"]
[Result "1-0"]
[WhiteElo "2505"]
[BlackElo "2355"]

1.d4 Nf6 2.c4 e6 3.Nc3 Bb4 4.e3 c5 5.Ne2 cxd4 6.exd4 d5 7.a3 Be7 8.c5 O-O 9.g3
b6 10.b4 a5 11.Rb1 axb4 12.axb4 bxc5 13.dxc5 e5 14.Bg2 Be6 15.f4 e4 16.Nd4 Bd7
17.Be3 Na6 18.Nc2 Rb8 19.O-O Nc7 20.Qd2 Nb5 21.Rfc1 Qc7 22.Bf1 Nxc3 23.Qxc3
Rfc8 24.Bd4 Ra8 25.Ne3 Ba4 26.Kh1 Qd8 27.b5 Nd7 28.c6 Nf6 29.c7 {#r} 1-0

[Event "?"]
[Site "masterchessopen.com Novosibirsk (Russia)"]
[Round "0"]
[White "Graf Alexander (GER)"]
[Black "Vekshenkov Nikolai (RUS)"]
[Result "0-1"]
[WhiteElo "2415"]
[BlackElo "2416"]

1.d4 Nf6 2.c4 e6 3.Nc3 Bb4 4.e3 c5 5.Ne2 cxd4 6.exd4 O-O 7.a3 Be7 8.d5 exd5
9.cxd5 Re8 10.h3 Bc5 11.Na4 Bd6 12.Be3 b6 13.Nac3 Na6 14.b4 Bb7 15.g3 Rc8
16.Qd3 Bxb4 17.axb4 Nxb4 18.Qd2 Nfxd5 19.Nxd5 Nc2+ 20.Kd1 Bxd5 21.Qxd5 Rxe3
22.Ra4 Qc7 23.Bg2 Nb4 24.Qd2 Rd3 25.Rxb4 Qc2+ {#R} 0-1

[Event "Ch Norway"]
[Site "masterchessopen.com Steinkjer (Norway)"]
[Round "0"]
[White "Grotnes Nils (NOR)"]
[Black "Hovde Frank (NOR)"]
[Result "1-0"]
[WhiteElo "2193"]
[BlackElo "2285"]

1.d4 e6 2.c4 Nf6 3.Nc3 Bb4 4.e3 c5 5.Ne2 cxd4 6.exd4 O-O 7.a3 Be7 8.d5 exd5
9.cxd5 Bc5 10.Nf4 d6 11.Be2 a6 12.O-O Bf5 13.b4 Ba7 14.Bb2 h6 15.Bd3 Bxd3
16.Nxd3 Nbd7 17.Qf3 Re8 18.Rfe1 Rxe1+ 19.Rxe1 Qf8 20.Ne4 Ne8 21.Ng3 f6 22.Qf5
Ne5 23.Nf4 Nc7 24.Rc1 Bb6 25.Ngh5 Re8 26.Bd4 Bxd4 27.Rxc7 Re7 28.Rc8 Re8
29.Qe6+ {#r} 1-0

[Event "It (open) \"]
[Site "masterchessopen.com London (England)"]
[Round "3"]
[White "Saidy Anthony F (USA)"]
[Black "Tangborn Eric (USA)"]
[Result "0-1"]
[WhiteElo "2336"]
[BlackElo "2455"]

1.d4 Nf6 2.c4 e6 3.Nc3 Bb4 4.e3 c5 5.Ne2 cxd4 6.exd4 d5 7.a3 Bxc3+ 8.Nxc3 dxc4
9.Bxc4 Nc6 10.Be3 O-O 11.O-O b6 12.Qf3 Bb7 13.Qh3 Ne7 14.Bd3 Ng6 15.f4 Nd5
16.f5 exf5 17.Bxf5 Bc8 18.Qf3 Bxf5 19.Nxd5 Nh4 20.Qg3 Qxd5 21.Qxh4 Be4 22.Qg5
f5 23.Rf2 Rf6 24.Qf4 Rg6 25.g3 Rc8 26.Re1 Re6 27.Rd2 h6 28.h4 Bf3 29.Rf1 Bg4
30.Qf2 Rce8 31.Rd3 Bh3 32.Re1 f4 33.Bd2 Rxe1+ 34.Bxe1 Rxe1+ {#R} 0-1

[Event "It (sheveningen)"]
[Site "masterchessopen.com Biel (Switzerland)"]
[Round "0"]
[White "Zueger Beat (SUI)"]
[Black "Muresan Margareta (ROM)"]
[Result "1-0"]
[WhiteElo "2405"]
[BlackElo "2206"]

1.d4 Nf6 2.c4 e6 3.Nc3 Bb4 4.e3 c5 5.Ne2 cxd4 6.exd4 b6 7.a3 Be7 8.d5 d6
9.dxe6 fxe6 10.Nf4 a6 11.g4 e5 12.Nfd5 Nbd7 13.Nxe7 Qxe7 14.g5 O-O 15.gxf6
Qxf6 16.Be3 Bb7 17.Nd5 Qh4 18.Rg1 Qxh2 19.Qg4 Rf7 20.Qg3 Qxg3 21.Rxg3 b5
22.Nc3 Rc8 23.Rd1 {#r} 1-0

[Event "It \"]
[Site "masterchessopen.com Budapest (Hungary)"]
[Round "0"]
[White "Kastek Thomas (GER)"]
[Black "Miniboeck Guenter (AUT)"]
[Result "0-1"]
[WhiteElo "2172"]
[BlackElo "2347"]

1.d4 Nf6 2.c4 e6 3.Nc3 Bb4 4.e3 c5 5.Ne2 cxd4 6.exd4 d5 7.a3 Be7 8.c5 b6 9.b4
O-O 10.g3 bxc5 11.dxc5 a5 12.Rb1 Nc6 13.Bg2 Rb8 14.b5 Bxc5 15.bxc6 Rxb1
16.Nxb1 Qb6 17.Be3 Bxe3 18.fxe3 Ng4 {#R} 0-1

[Event "?"]
[Site "masterchessopen.com Dortmund (Germany)"]
[Round "5"]
[White "Davidovic Aleksandar (AUS)"]
[Black "Portenschlager Peter (AUT)"]
[Result "1-0"]
[WhiteElo "2392"]
[BlackElo "2110"]

1.d4 Nf6 2.c4 e6 3.Nc3 Bb4 4.e3 c5 5.Ne2 b6 6.a3 Bxc3+ 7.Nxc3 Bb7 8.d5 O-O
9.Be2 e5 10.O-O d6 11.Qc2 Ne8 12.f4 Nd7 13.Bd3 h6 14.f5 Nc7 15.e4 a6 16.Bd2
Rb8 17.a4 Bc8 18.Rf3 Nf6 19.b3 Bd7 20.Qc1 Kh7 21.Rh3 Ng8 22.Nd1 Qe7 23.Nf2 f6
24.Ng4 b5 25.axb5 axb5 26.Ra7 bxc4 27.bxc4 Rbc8 28.Be2 {#r} 1-0

[Event "It (open)"]
[Site "masterchessopen.com Gausdal (Norway)"]
[Round "0"]
[White "Tisdall Jonathan D (NOR)"]
[Black "Wiedermann Franz (AUT)"]
[Result "1-0"]
[WhiteElo "2410"]
[BlackElo "2094"]

1.d4 Nf6 2.c4 e6 3.Nc3 Bb4 4.e3 c5 5.Ne2 cxd4 6.exd4 d5 7.c5 Ne4 8.Bd2 Nxd2
9.Qxd2 Nc6 10.a3 Bxc3 11.Nxc3 a5 12.Bb5 Bd7 13.O-O O-O 14.Na4 Nb8 15.Bxd7 Nxd7
16.b4 Qc7 17.b5 b6 18.Rfc1 Qa7 19.Rc2 Rac8 20.Rac1 bxc5 21.dxc5 Ne5 22.Nb2
Rfd8 23.Qe2 Nd7 24.Nd3 Qb8 25.c6 Nb6 26.c7 Rxc7 27.Rxc7 Nc4 28.Rc5 Qb6 29.a4
{#r} 1-0

[Event "Ch Poland (1/2 final)"]
[Site "masterchessopen.com Gdynia (Poland)"]
[Round "6"]
[White "Krainski Aleksander (POL)"]
[Black "Ocytko Andrzej (POL)"]
[Result "0-1"]
[WhiteElo "2248"]
[BlackElo "2172"]

1.d4 Nf6 2.c4 e6 3.Nc3 Bb4 4.e3 c5 5.Ne2 cxd4 6.exd4 O-O 7.a3 Be7 8.g3 d5 9.c5
b6 10.b4 a5 11.Rb1 bxc5 12.dxc5 Nc6 13.Bg2 Rb8 14.b5 Bxc5 15.bxc6 Rxb1 16.Nxb1
Qb6 17.Be3 d4 18.Bg5 d3 19.Nec3 Bxf2+ 20.Kf1 d2 21.Bf3 Be1 22.Kg2 Qf2+ 23.Kh3
e5+ 24.g4 Nxg4 25.Bxg4 f5 26.Bh5 f4+ 27.Bg4 f3 {#R} 0-1

[Event "Bundesliga 1987/88 (2nd)"]
[Site "masterchessopen.com Germany"]
[Round "0"]
[White "Markmann Ulrich (GER)"]
[Black "Behle Karl-Willi (GER)"]
[Result "1-0"]
[WhiteElo "2282"]
[BlackElo "2256"]

1.d4 Nf6 2.c4 e6 3.Nc3 Bb4 4.e3 c5 5.Ne2 cxd4 6.exd4 d5 7.c5 Ne4 8.Bd2 Nxd2
9.Qxd2 O-O 10.a3 Ba5 11.g3 e5 12.dxe5 Nc6 13.Rd1 Nxe5 14.Bg2 Bg4 15.b4 Re8
16.bxa5 Qxa5 17.O-O Nf3+ 18.Bxf3 Bxf3 19.Qd3 Bh5 20.Rfe1 Rad8 21.Nb5 Re6
22.Nd6 Rd7 23.Nb5 Rde7 24.Nbd4 Re4 25.Rc1 Re8 26.Kf1 Bg6 27.Qb5 Qc7 28.Nf4 Qe5
29.Nf3 Qf5 30.Qxe8+ {#r} 1-0

[Event "Ch Baltik Republics"]
[Site "masterchessopen.com Kuldiga (Latvia)"]
[Round "0"]
[White "Oll Lembit (EST)"]
[Black "Novikov Vitalij (LTU)"]
[Result "1-0"]
[WhiteElo "2465"]
[BlackElo "2322"]

1.d4 e6 2.c4 Nf6 3.Nc3 Bb4 4.e3 c5 5.Ne2 d5 6.cxd5 exd5 7.a3 Bxc3+ 8.Nxc3 cxd4
9.exd4 O-O 10.Be2 Ne4 11.Nxe4 dxe4 12.d5 Qf6 13.O-O Rd8 14.Be3 Qe5 15.Qb3 b6
16.Rfd1 Ba6 17.Bd4 Qd6 18.Qe3 Bxe2 19.Qxe2 f5 20.Rac1 Nd7 21.Qc4 Nf8 22.Bc3
Rac8 23.Qd4 Rc7 24.g3 Rf7 25.Bb4 Qd7 26.Bxf8 Rfxf8 27.d6 Rf6 28.Rc7 Qe6 29.d7
a5 30.Qc3 Kf7 31.Rc8 Qe7 32.Qc7 e3 33.Qxd8 exf2+ 34.Kxf2 {#r} 1-0

[Event "Ch URS (qual)"]
[Site "masterchessopen.com Pavlodar (Kazakhstan)"]
[Round "0"]
[White "Zaichik Gennadi (USA)"]
[Black "Karpman Vadim (UKR)"]
[Result "1-0"]
[WhiteElo "2490"]
[BlackElo "2382"]

1.d4 Nf6 2.c4 e6 3.Nc3 Bb4 4.e3 c5 5.Ne2 d5 6.a3 Bxc3+ 7.Nxc3 cxd4 8.exd4 dxc4
9.Bxc4 Nc6 10.Be3 O-O 11.O-O Qd6 12.Qd3 b6 13.Rad1 h6 14.Ne4 Qe7 15.Nxf6+ Qxf6
16.Qe4 Bb7 17.Bd3 Rfd8 18.Qh7+ Kf8 19.Be4 Na5 20.d5 Nc4 21.Bd4 e5 22.Bc3 g5
23.f4 gxf4 24.Rxf4 Qxf4 25.Rf1 Qxf1+ 26.Kxf1 Ne3+ 27.Kg1 Nxd5 28.Qh8+ Ke7
29.Qxe5+ Kf8 30.Bd2 f6 31.Qe6 Kg7 32.Qf5 {#r} 1-0

[Event "Ch West Scotland"]
[Site "masterchessopen.com Scotland"]
[Round "0"]
[White "Muir Andrew J (SCO)"]
[Black "Beaton Kenneth S (SCO)"]
[Result "1-0"]
[WhiteElo "2311"]
[BlackElo "2116"]

1.d4 Nf6 2.c4 e6 3.Nc3 Bb4 4.e3 c5 5.Ne2 cxd4 6.exd4 O-O 7.a3 Be7 8.d5 exd5
9.cxd5 Re8 10.d6 Bf8 11.g3 Re6 12.Bf4 Qb6 13.Bh3 Re8 14.O-O Na6 15.b4 Nh5
16.Nd5 Qd8 17.b5 Nxf4 18.Nexf4 Nc5 19.Nc7 Rb8 20.b6 axb6 21.Nxe8 Qxe8 22.Re1
Qd8 23.Re5 Ra8 24.Bf1 Ra5 25.a4 Ne6 26.Bb5 g6 27.Re4 Ra8 28.Nxe6 fxe6 29.Rc1
Bh6 30.f4 Bg7 31.Rec4 {#r} 1-0

[Event "Ch Spain (team)"]
[Site "masterchessopen.com Spain"]
[Round "0"]
[White "Corral Blanco Juan Antonio (ESP)"]
[Black "Gomez Guerrero Manuel (ESP)"]
[Result "0-1"]
[WhiteElo "2436"]
[BlackElo "2120"]

1.d4 Nf6 2.c4 e6 3.Nc3 Bb4 4.e3 c5 5.Ne2 cxd4 6.exd4 d5 7.a3 Be7 8.c5 O-O 9.b4
b6 10.g3 bxc5 11.dxc5 a5 12.Rb1 Nc6 13.b5 Ne5 14.Nd4 Bxc5 15.Bg2 Nc4 16.O-O
Bb7 17.a4 Qb6 18.Nb3 Bb4 19.Na2 Be7 20.Qe2 Rac8 21.Bf4 h6 22.Rbd1 Rfe8 23.g4
Nd7 24.Bc1 Nde5 25.Kh1 Ng6 26.Kg1 Bg5 27.Bh1 Bxc1 28.Naxc1 Nf4 29.Qf3 e5
30.Rfe1 Nb2 31.Rd2 Nxa4 {#R} 0-1

[Event "Memorial Hodzhaev"]
[Site "masterchessopen.com Tashkent (Uzbekistan)"]
[Round "0"]
[White "Vaisser Anatoly (FRA)"]
[Black "Makarichev Sergey (RUS)"]
[Result "0-1"]
[WhiteElo "2490"]
[BlackElo "2515"]

1.d4 Nf6 2.c4 e6 3.Nc3 Bb4 4.e3 c5 5.Ne2 d5 6.a3 Bxc3+ 7.Nxc3 cxd4 8.exd4 Nc6
9.c5 O-O 10.Bg5 h6 11.Bh4 e5 12.dxe5 Nxe5 13.Bxf6 Qxf6 14.Nxd5 Qh4 15.Be2 Rd8
16.Qd2 Bg4 17.Qd4 Rxd5 18.Qxd5 Re8 19.Rd1 Ng6 20.O-O Nf4 21.Qxb7 Bxe2 22.Rfe1
Re6 23.g3 Qg4 24.Rd8+ Kh7 25.Qa8 Bf3 26.Rh8+ Kg6 27.Rxe6+ Qxe6 28.Qe8 Qh3 {#R}
0-1

[Event "?"]
[Site "masterchessopen.com Wijk aan Zee (Netherlands)"]
[Round "0"]
[White "Pieterse Gert (NED)"]
[Black "Bottema Martin (NED)"]
[Result "1-0"]
[WhiteElo "2290"]
[BlackElo "2049"]

1.d4 Nf6 2.c4 e6 3.Nc3 Bb4 4.e3 c5 5.Ne2 cxd4 6.exd4 O-O 7.a3 Be7 8.d5 exd5
9.cxd5 Bc5 10.b4 Bb6 11.Na4 Re8 12.Nxb6 axb6 13.g3 d6 14.Bg2 Bd7 15.O-O Bb5
16.Re1 Nbd7 17.Bb2 Ne5 18.Nd4 Bc4 19.Nf5 Qd7 20.Bh3 Qd8 21.f4 Nd3 22.Rxe8+
Nxe8 23.Bd4 f6 24.Bf1 Ne5 25.fxe5 Bxf1 26.Qxf1 dxe5 27.Bf2 Qxd5 28.Ne7+ {#r}
1-0

[Event "?"]
[Site "masterchessopen.com Zug (Switzerland)"]
[Round "0"]
[White "Gerber Peter (GER)"]
[Black "Ballmann Martin (SUI)"]
[Result "1-0"]
[WhiteElo "2240"]
[BlackElo "2290"]

1.d4 Nf6 2.c4 e6 3.Nc3 Bb4 4.e3 c5 5.Ne2 b6 6.a3 Ba5 7.Rb1 Qe7 8.Bd2 Nc6 9.d5
exd5 10.cxd5 Ne5 11.Ng3 g6 12.d6 Qxd6 13.b4 cxb4 14.Nb5 Nd3+ 15.Bxd3 Qxd3
16.Nc7+ Kd8 17.Nxa8 Bb7 18.axb4 Bxg2 19.Rg1 {#r} 1-0

[Event "It"]
[Site "masterchessopen.com Zurich (Switzerland)"]
[Round "7"]
[White "Schienmann Bruno (GER)"]
[Black "Zulle B"]
[Result "1-0"]
[WhiteElo "2235"]
[BlackElo "2095"]

1.d4 e6 2.c4 Nf6 3.Nc3 Bb4 4.e3 c5 5.Ne2 cxd4 6.exd4 d5 7.c5 O-O 8.a3 Bxc3+
9.Nxc3 b6 10.b4 a5 11.Rb1 axb4 12.axb4 bxc5 13.dxc5 Nbd7 14.Be2 Bb7 15.O-O e5
16.f4 e4 17.Be3 Rb8 18.b5 Ba8 19.Qd4 Re8 20.Rfc1 g6 21.c6 Nf8 22.c7 Qxc7
23.Qxf6 Re6 24.Qd4 Qb7 25.Na4 Ree8 26.Nc5 Ne6 27.Nxb7 Nxd4 28.Bxd4 Bxb7 29.Rc7
{#r} 1-0

[Event "It (open)"]
[Site "masterchessopen.com Belgrade (Yugoslavia)"]
[Round "7"]
[White "Bareev Evgeny (RUS)"]
[Black "Hulak Krunoslav (CRO)"]
[Result "1-0"]
[WhiteElo "2560"]
[BlackElo "2490"]

1.d4 Nf6 2.c4 e6 3.Nc3 Bb4 4.e3 c5 5.Ne2 d5 6.a3 Bxc3+ 7.Nxc3 cxd4 8.exd4 dxc4
9.Bxc4 Nc6 10.Be3 O-O 11.O-O h6 12.Ba2 Ne7 13.Qf3 Ned5 14.Rac1 b6 15.Nxd5 Nxd5
16.Bxd5 Qxd5 17.Qg3 Kh7 18.Rc7 Bd7 19.Qe5 Bc6 20.f3 f6 21.Qf4 Be8 22.Qxh6+
{#r} 1-0

[Event "It (open)"]
[Site "masterchessopen.com Belgrade (Yugoslavia)"]
[Round "2"]
[White "Makarov Marat (RUS)"]
[Black "Xu Jun (CHN)"]
[Result "1-0"]
[WhiteElo "2370"]
[BlackElo "2505"]

1.d4 Nf6 2.c4 e6 3.Nc3 Bb4 4.e3 c5 5.Ne2 cxd4 6.exd4 O-O 7.a3 Be7 8.d5 exd5
9.cxd5 Re8 10.d6 Bf8 11.g3 Re6 12.Bf4 Nh5 13.Be3 Rxd6 14.Qc2 Nc6 15.Bg2 Nf6
16.O-O Re6 17.Rad1 d6 18.Nd4 Nxd4 19.Bxd4 Re8 20.Rc1 Nd7 21.Nb5 Nc5 22.Nxd6
Bxd6 23.Bxc5 Be5 24.b4 g6 25.Rfd1 Qc7 26.Qe4 f5 27.Qd5+ Qf7 28.Re1 Qxd5
29.Bxd5+ {#r} 1-0

[Event "It"]
[Site "masterchessopen.com Bytom (Poland)"]
[Round "9"]
[White "Nisman Boris I (RUS)"]
[Black "Michenka Jozef (CZE)"]
[Result "0-1"]
[WhiteElo "2351"]
[BlackElo "2346"]

1.d4 Nf6 2.c4 e6 3.Nc3 Bb4 4.e3 c5 5.Ne2 cxd4 6.exd4 d5 7.a3 Be7 8.cxd5 Nxd5
9.Nf4 Nc6 10.Nfxd5 exd5 11.Bb5 O-O 12.O-O Bf6 13.Be3 Ne7 14.Qb3 Be6 15.Rad1
Qb6 16.Na4 Qd6 17.Bd3 a6 18.Nc3 Rfd8 19.Ne2 Nc6 20.Bf4 Nxd4 21.Bxh7+ Kxh7
22.Bxd6 Nxb3 {#R} 0-1

[Event "It (open) \"]
[Site "masterchessopen.com Chicago (USA)"]
[Round "6"]
[White "Leverett Bruce W (USA)"]
[Black "Browne Walter S (USA)"]
[Result "0-1"]
[WhiteElo "2300"]
[BlackElo "2449"]

1.d4 Nf6 2.c4 e6 3.Nc3 Bb4 4.e3 c5 5.Ne2 cxd4 6.exd4 d5 7.a3 Be7 8.c5 b6 9.b4
O-O 10.Bf4 bxc5 11.dxc5 Nc6 12.Nd4 Nxd4 13.Qxd4 Nd7 14.Qd2 d4 15.Na4 e5 16.Bg3
Bg5 17.f4 exf4 18.Bxf4 Re8+ 19.Kd1 Bxf4 20.Qxf4 Ne5 21.Bb5 Bd7 22.Bxd7 Qxd7
23.Nb2 Qd5 24.Qd2 a5 25.Kc2 d3+ 26.Nxd3 Nxd3 27.Qxd3 Qxg2+ 28.Kb3 Rad8 29.Qc4
a4+ 30.Kxa4 Ra8+ 31.Kb5 Reb8# 0-1

[Event "Ch Great Britain (corr.)"]
[Site "masterchessopen.com corr."]
[Round "0"]
[White "Fuka Miroslav (CZE)"]
[Black "Jandovsky Viktor (CZE)"]
[Result "1-0"]
[WhiteElo "2072"]
[BlackElo "2163"]

1.d4 Nf6 2.c4 e6 3.Nc3 Bb4 4.e3 c5 5.Ne2 cxd4 6.exd4 d5 7.a3 Be7 8.c5 O-O
9.Bf4 b6 10.Nb5 a6 11.Nd6 bxc5 12.dxc5 Nc6 13.Nd4 Bd7 14.Be2 Ne8 15.Rc1 Bf6
16.Nxc6 Bxc6 17.Qc2 e5 18.Bd2 Qd7 19.h3 a5 20.O-O a4 21.b4 axb3 22.Qxb3 Nc7
23.Bg4 Ne6 24.Bb4 g6 25.Rfd1 h5 26.Bf3 d4 27.Bxc6 Qxc6 28.Qf3 Qxf3 29.gxf3 Nf4
30.Kf1 Nd5 31.f4 Rfd8 32.Ne4 Kg7 33.c6 {#r} 1-0

[Event "Ch Great Britain (corr.)"]
[Site "masterchessopen.com corr."]
[Round "0"]
[White "Hutchings Stuart J (WLS)"]
[Black "Habershon PF"]
[Result "1-0"]
[WhiteElo "2325"]
[BlackElo "2110"]

1.d4 Nf6 2.c4 e6 3.Nc3 Bb4 4.e3 c5 5.Ne2 d5 6.a3 Bxc3+ 7.Nxc3 cxd4 8.exd4 dxc4
9.Bxc4 Nc6 10.Be3 O-O 11.O-O b6 12.Re1 Bb7 13.Ba2 Ne7 14.Bg5 Ng6 15.h4 Qb8
16.Bxf6 gxf6 17.h5 Ne7 18.Qg4+ Kh8 19.Qh4 Ng8 20.Rad1 Qd8 21.d5 e5 22.Qe4 {#r}
1-0

[Event "?"]
[Site "masterchessopen.com Dortmund (Germany)"]
[Round "0"]
[White "Kas-Fromm Rita Dr (GER)"]
[Black "Fink-Nunn Petra (ENG)"]
[Result "1-0"]
[WhiteElo "2200"]
[BlackElo "2080"]

1.d4 Nf6 2.c4 e6 3.Nc3 Bb4 4.e3 c5 5.Ne2 cxd4 6.exd4 d5 7.a3 Be7 8.c5 O-O 9.b4
b6 10.g3 bxc5 11.dxc5 a5 12.Rb1 Nc6 13.Bg2 Rb8 14.b5 Ne5 15.c6 Nc4 16.a4 Qb6
17.O-O Rd8 18.Nf4 Bb4 19.Qb3 Ne8 20.Nd3 Be7 21.Bf4 Ned6 22.Bxd5 g5 23.Bxc4
gxf4 24.Nxf4 Nxc4 25.Qxc4 Rd4 26.Qe2 Qc5 27.Rfc1 Qd6 28.Rd1 e5 29.Rxd4 Qxd4
30.Nfd5 Bb4 31.Rd1 Bg4 32.Rxd4 Bxe2 33.Rxb4 {#r} 1-0

[Event "Bundesliga 1987/88"]
[Site "masterchessopen.com Germany"]
[Round "0"]
[White "Behrhorst Frank (GER)"]
[Black "Schlosser Philipp (GER)"]
[Result "0-1"]
[WhiteElo "2285"]
[BlackElo "2591"]

1.d4 Nf6 2.c4 e6 3.Nc3 Bb4 4.e3 c5 5.Ne2 cxd4 6.exd4 O-O 7.a3 Be7 8.Nf4 d5
9.cxd5 Nxd5 10.Ncxd5 exd5 11.Be2 Nc6 12.O-O Bf6 13.Be3 Bf5 14.Rc1 g6 15.Rc5
Ne7 16.Qb3 Be4 17.Qxb7 Rb8 18.Qxa7 Rxb2 19.Bb5 Nf5 20.Qa4 Nxe3 21.fxe3 Bg5
22.Rf2 Rxf2 23.Kxf2 Bxf4 24.exf4 Qh4+ 25.Ke3 Qxh2 26.Be2 Qxg2 27.Kd2 Qf2
28.Rc3 Rb8 {#R} 0-1

[Event "Ch URS (1 liga) (cat.9)"]
[Site "masterchessopen.com Klaipeda (Lithuania)"]
[Round "0"]
[White "Magerramov Elmar (AZE)"]
[Black "Psakhis Lev (ISR)"]
[Result "0-1"]
[WhiteElo "2430"]
[BlackElo "2560"]

1.d4 e6 2.c4 Nf6 3.Nc3 Bb4 4.e3 c5 5.Ne2 b6 6.a3 Ba5 7.Rb1 Na6 8.Bd2 O-O 9.Ng3
Bb7 10.d5 Bxc3 11.Bxc3 exd5 12.cxd5 Nxd5 13.Bxg7 Kxg7 14.Nf5+ Kh8 15.Nd6 Bc6
16.Bxa6 Qe7 17.Nf5 Qe5 18.Bd3 Nf4 19.Bc2 Bxg2 20.Rg1 Be4 21.Rg5 f6 22.Rg4 Bxf5
23.Bxf5 Ng2+ 24.Rxg2 Qxf5 25.Rc1 d5 26.Qc2 Qh5 27.Qe2 Qe5 28.Rd1 Rae8 29.Kf1
Rg8 30.Rg3 Rxg3 31.hxg3 d4 32.Rd3 Qe4 33.Qd2 Re5 34.Qd1 dxe3 {#R} 0-1

[Event "It (open)"]
[Site "masterchessopen.com Mendrisio (Switzerland)"]
[Round "2"]
[White "Gerber Richard (SUI)"]
[Black "Moeschinger Markus (SUI)"]
[Result "1-0"]
[WhiteElo "2370"]
[BlackElo "2162"]

1.d4 Nf6 2.c4 e6 3.Nc3 Bb4 4.e3 c5 5.Ne2 d5 6.a3 cxd4 7.exd4 Be7 8.c5 Nc6 9.b4
O-O 10.b5 Na5 11.g3 e5 12.dxe5 Ng4 13.Bg2 Bxc5 14.O-O Qb6 15.Qe1 Nxe5 16.Na4
Qc7 17.Nxc5 {#r} 1-0

[Event "Ch URS (club)"]
[Site "masterchessopen.com Naberezhnye Chelny (Russia)"]
[Round "0"]
[White "Makarov Marat (RUS)"]
[Black "Karpman Vadim (UKR)"]
[Result "1-0"]
[WhiteElo "2370"]
[BlackElo "2490"]

1.d4 Nf6 2.c4 e6 3.Nc3 Bb4 4.e3 c5 5.Ne2 cxd4 6.exd4 d5 7.c5 Ne4 8.Bd2 Nxd2
9.Qxd2 a5 10.a3 Bxc3 11.Nxc3 a4 12.Bd3 O-O 13.O-O b6 14.cxb6 Qxb6 15.Bc2 Bd7
16.Rfe1 Rc8 17.Re3 Rc4 18.Rd1 Nc6 19.Ne2 Rb8 20.Bd3 Na5 21.Rg3 g6 22.h4 Qxb2
23.Qxa5 {#r} 1-0

[Event "It (open)"]
[Site "masterchessopen.com Naestved (Denmark)"]
[Round "5"]
[White "Smagin Sergey (RUS)"]
[Black "Dobosz Henryk (POL)"]
[Result "1-0"]
[WhiteElo "2550"]
[BlackElo "2410"]

1.d4 Nf6 2.c4 e6 3.Nc3 Bb4 4.e3 c5 5.Ne2 b6 6.a3 Ba5 7.Ng3 Bb7 8.Bd2 O-O 9.Bd3
Na6 10.O-O d5 11.Qe2 Nc7 12.dxc5 bxc5 13.Rfd1 Bb6 14.e4 d4 15.e5 Nd7 16.Na4 f5
17.exf6 gxf6 18.b4 Bc6 19.Bc2 Qe8 20.Bh6 Rf7 21.bxc5 Ba5 22.Ne4 e5 23.Nd6 Qe6
24.Rd3 Kh8 25.Rg3 Ne8 26.Bf5 Qe7 27.Qh5 Nxd6 28.cxd6 Qe8 29.Bg6 hxg6 30.Bg7+
{#r} 1-0

[Event "It (cat.11)"]
[Site "masterchessopen.com Protvino (Russia)"]
[Round "0"]
[White "Levitt Jonathan (ENG)"]
[Black "Psakhis Lev (ISR)"]
[Result "0-1"]
[WhiteElo "2485"]
[BlackElo "2560"]

1.d4 e6 2.c4 Nf6 3.Nc3 Bb4 4.e3 c5 5.Ne2 b6 6.a3 Ba5 7.Ng3 Bb7 8.Bd2 O-O 9.Bd3
cxd4 10.exd4 Bxc3 11.bxc3 d5 12.O-O dxc4 13.Bxc4 Nc6 14.Qe2 Na5 15.Ba2 Rc8
16.Rfc1 h6 17.Rab1 Qd7 18.c4 Nc6 19.d5 exd5 20.cxd5 Nd4 21.Qd3 Bxd5 22.Rxc8
Rxc8 23.Rb4 Nc6 24.Ne4 Nxb4 25.Nxf6+ gxf6 26.axb4 Be6 27.Qg3+ {#R} 0-1

[Event "It (open)"]
[Site "masterchessopen.com Eger (Hungary)"]
[Round "0"]
[White "Nickl Klaus (AUT)"]
[Black "Sziraki Tamas (HUN)"]
[Result "1-0"]
[WhiteElo "2144"]
[BlackElo "2299"]

1.d4 Nf6 2.c4 e6 3.Nc3 Bb4 4.e3 c5 5.Ne2 cxd4 6.exd4 d5 7.c5 e5 8.a3 Bxc3+
9.Nxc3 exd4 10.Qxd4 O-O 11.Bb5 Qe7+ 12.Be3 Nc6 13.Bxc6 bxc6 14.O-O Nd7 15.Rfe1
Bb7 16.b4 Rfe8 17.Bd2 Qf6 18.Qxf6 Nxf6 19.Ne2 Re4 20.f3 Rc4 21.Rac1 Re8 22.Kf2
Ba6 23.Rxc4 dxc4 24.Nd4 Rd8 25.Bc3 Bb5 26.Nf5 Nd5 27.Bxg7 Nf4 28.Re4 Nd3+
29.Kg3 h6 30.Bf6 Rd7 31.Re8+ Kh7 32.Nh4 {#r} 1-0

[Event "Ch URS (1/2 final)"]
[Site "masterchessopen.com Frunze (Kyrgyzstan)"]
[Round "0"]
[White "Guliev Sarhan (AZE)"]
[Black "Bagaturov Giorgi (GEO)"]
[Result "0-1"]
[WhiteElo "2523"]
[BlackElo "2365"]

1.d4 Nf6 2.c4 e6 3.Nc3 Bb4 4.e3 c5 5.Ne2 cxd4 6.exd4 d5 7.a3 Be7 8.cxd5 Nxd5
9.Nxd5 exd5 10.Nf4 O-O 11.Bd3 Nc6 12.O-O Bf6 13.Be3 g6 14.Rc1 Qd6 15.Rc5 Be6
16.Nxe6 fxe6 17.b4 Bg7 18.Qg4 Nxd4 19.Rcc1 e5 20.Bxd4 exd4 21.g3 a5 22.Rfe1
axb4 23.Re6 Qd7 24.axb4 Ra3 25.Qe2 Rxd3 26.Re7 Qf5 27.Rcc7 Bh6 28.g4 Qf6
29.Rxh7 Rd2 {#R} 0-1